00418 2200157 4500001002100000008004100021035002000062245003600082100001700118260002900135300002000164082001800184650003200202990001300234990001300247INLIS000000000000506 ind  a0010-0322000506 aTIMUN MAS DIBURU BUTO IJOcIKHA aARNI WINDANA aYOGYAKARTAbBENINGc2010 a84 hlm.c24 cm. a398.395 982 6 aCERITA RAKYAT - JAWA TENGAH a102729-1 a102729-2